| 000 | 00696nam a2200205Ia 4500 | ||
|---|---|---|---|
| 003 | GCL | ||
| 008 | 140319s9999 xx 000 0 ara d | ||
| 040 |
_aGCL / _cGCL |
||
| 082 | 0 | 4 |
_a372.241 _bز ر |
| 100 | 1 | _aمحبات ابو عميرة | |
| 245 | 1 | 0 |
_aرياضيات اطفال ماقبل المدرسة وافكار جان بياجية / _cمحبات ابو عميرة |
| 700 | 1 | _aيسرية صادق | |
| 700 | 1 | _aاحمد الشعراوى | |
| 490 |
_aسلسلة دراسات فى الطفولة _v0 |
||
| 650 | 0 | 4 | _aرياض الاطفال |
| 650 | 0 | 4 | _aعلم النفس |
| 650 | 0 | 4 | _aالتربية والتعليم |
| 650 | 0 | 4 | _aالاطفال - علم نفس |
| 942 |
_2ddc _cBK |
||
| 999 |
_c39482 _d39482 |
||